000 00685nam a2200253Ia 4500
003 OSt
005 20220918212645.0
006 a|||||r|||| 00| 0
007 ta
008 220917b |||||||| |||| 00| 0 eng d
024 _a129,640
037 _cTextual
040 _aARTS
_cARTS
_beng
041 _2eng
_aeng
082 _aX:275U58.N6-N1, K7
100 _aNove A
_9113250
245 0 _aSoviet middle east
_b A model for development
260 _aLondon
_bGeorge Allen
_c1967
300 _a160P.
_ccm.
650 _aECONOMICS
700 _a Newth J A
_9124429
942 _hX:275U58.N6-N1, K7
_cTEXL
_2CC
999 _c252767
_d252767